lands of europe quiz - Statistieken

Algemene statistieken
  • Deze quiz is 13 keer genomen
  • De gemiddelde score is 14 van 18
Answers on the Grid
Answers color-coded by a green-red scale on the quiz's grid according to % correct below.
andorra
nederland
mexico
tsjechie
san marino
nambie
libie
brazilie
chili
australie
rusland
polen
Liechtenstein
kosovo
servie
slovenie
slowakije
spanje
portugal
luxemburg
verenigt koninkrijk
ierland
ijsland
turkije
cyprus
china
belarus
canada
zuid afrika
centraal europese unie
 
Antwoordstatistieken
Antwoord % Correct
andorra
100%
Liechtenstein
100%
san marino
100%
slowakije
100%
nederland
88%
verenigt koninkrijk
88%
ijsland
75%
kosovo
75%
luxemburg
75%
polen
75%
portugal
75%
servie
75%
slovenie
75%
spanje
75%
tsjechie
75%
ierland
63%
rusland
63%
belarus
50%
Geen overeenkomende quizzen gevonden
Scoreverdeling
Procent van Mensen met Elke Score
Percentiel versus Aantal Correcte Antwoorden
Uw Scoregeschiedenis
U heeft deze quiz nog niet genomen